000 00655nam a22002177a 4500
003 UA-OsUOA
001 129522
007 ta
008 20180305b un ||||| |||| 00| 0 ukr d
100 _aЯстремський О. І.
090 _a330(477)
_bЯ85
942 _cSA
040 _aUA-OsUOA
_bukr
_cUA-OsUOA
_dUA-OsUOA
245 _aПорівняльний аналіз інституційної складової добробуту націй
300 _aС. 62-72
955 _a0
041 _aukr
080 _a330(477)
773 0 _w129516
_tФінанси України
_dК.
_d2018
_g1
650 7 _a330 Економіка взагалі
_2UDC
999 _c417351
_d417351